=LDR 00000nam 2200000 4500 =001 INLIS000000000014258 =005 20130612105534 =008 ***********************************Ind** =035 ##$$0010-061300000014258 =041 ##$$a Ind =082 ##$$a R. 413 =090 ##$$a R. 413, nga k =100 ##$$a Ngapenan, Muhamad =245 ##$$a Kamus homonim bhs Indonesia, Mohamad Ngapena =260 ##$$a 1989 $b Semarag =300 ##$$a 196 hlm, 21 cm =650 ##$$a Bhs =650 ##$$a Indonesia - Kamus =850 ##$$a NBPNMAT